000 00829cam a22002411 4500
001 gs 49000140
003 DLC
005 20260227111355.0
008 761116s1949 txu 000 0 eng
010 _ags 49000140
035 _a(OCoLC)2560626
040 _aDLC
_cTx
_dOCoLC
_dDLC
042 _apremarc
050 0 0 _aGB1025.T4
_bA5 1949
082 _a551.49
110 2 _aTexas Water Commission.
245 1 0 _aGround-water resources of Matagorda County, Texas,
_cby R. W. Sundstrom, G. H. Cromack, and N. N. West. Prepared in cooperation with the United States Dept. of the Interior, Geological Survey.
260 _a[Austin]
_c1949.
300 _a39 p.
_bmaps.
_c27 cm.
650 0 _aGroundwater
_zTexas
_zMatagorda County.
650 0 _aWater-supply
_zTexas
_zMatagorda County.
700 1 _aSundstrom, Raymond W.,
_d1904-
999 _c28374
_d28374